000 00600nam a2200205Ia 4500
003 IN-BaIIA
008 211028s9999 xx 000 0 eng d
040 _cIIA Library
080 _a083.7:621.882.219.4
_bISI
110 _aIndian Standards Institution
245 0 _aIndian standard dimensions for depth of holes for studs
_cIndian Standards Institution
260 _aNew Delhi
_bIndian Standards Institution
_c1973
300 _a4p.
500 _aIS 4499 : 1968
650 _a Holes
_99140
650 _a Standards 
650 _a Studs 
_99141
650 _aNASA Thesaurus 
942 _cBK
999 _c5154
_d5154